Revoluciones y revolucionarios en el mundo hispano /

Compilación de resultados de investigaciones, desde diferentes metodologías y una perspectiva histórica, acerca de los cambios revolucionarios que se han sucitado en el mundo hispanoaméricano durante los siglos XIX y XX. Se aborda la relación entre España y la pluralidad de repúblicas americanas que...

Descripción completa

Guardado en:
Detalles Bibliográficos
Autor principal: Chust Calero, Manuel (ed.)
Formato: Libro
Idioma:Español
Publicado: Castellón de la Plana, España : Universidad Jaime I, 2000, c2000
Colección:(Humanitats ; 5)
Temas:
Etiquetas: Agrega una etiqueta
Sin etiquetas, Sé el primero en etiquetar este registro!

MARC

LEADER 00000nam^a2200000^a^4500
001 000136883
005 20250521000000.0
009 20260310095333.37
020 |a 84-8021-324-8 
037 |a Acervo ITESO - Biblioteca 
041 |a ESP 
082 |a 303. 640980  |b CHU 
100 |a Chust Calero, Manuel  |e (ed.) 
245 1 0 |a Revoluciones y revolucionarios en el mundo hispano /  |c M. Chust Calero. 
264 4 |a Castellón de la Plana, España :  |b Universidad Jaime I,  |c 2000, c2000 
300 |a 287 p. 
336 |a texto  |b txt  |2 rdacontenido 
337 |a sin mediación  |b n  |2 rdamedio 
338 |a volumen  |b nc  |2 rdasoporte 
440 1 |a (Humanitats ;  |v 5) 
520 |a Compilación de resultados de investigaciones, desde diferentes metodologías y una perspectiva histórica, acerca de los cambios revolucionarios que se han sucitado en el mundo hispanoaméricano durante los siglos XIX y XX. Se aborda la relación entre España y la pluralidad de repúblicas americanas que surgirían en la primera mitad del siglo XIX y su devenir histórico. Los autores proponen una tipificación de las distintas revoluciones y un análisis de las fuerzas sociales que contribuyeron a su triunfo. 
649 |a XX 
650 |a Revolución -  |z América -  |x Historia -  |y Siglo XIX 
650 |a Revolución -  |z Latinoamérica -  |x Historia -  |y Siglo XX 
650 |a Revolución -  |z España -  |x Historia -  |y Siglo XIX 
650 |a Revolución -  |z España -  |x Historia -  |y Siglo XX 
650 |a América -  |x Historia -  |y Siglo XIX 
650 |a Latinoamérica -  |x Historia -  |y Siglo XX 
650 |a México -  |x Historia -  |y Constitución y Reforma, 1855-1863 
650 |a Guerra de Chiapas, 1994 
650 |a México -  |x Historia -  |y 1988-1994 
650 |a México -  |x Historia -  |y Siglo XX 
650 |a España -  |x Historia -  |y Siglo XIX 
650 |a España -  |x Historia -  |y Siglo XX 
910 |a Fondo General 
920 |a Impresos - Libros 
930 |a Colección General 
905 |a 101 
901 |a 0500065734  |b IT1  |c ACC  |u 20250521 
902 |a https://opac.biblio.iteso.mx/vufind/Record/000136883